| 000 | nam a22 a 4500 | ||
|---|---|---|---|
| 999 |
_c4220 _d4220 |
||
| 003 | AKMAL | ||
| 005 | 20170525153407.0 | ||
| 008 | 170525s1954 si 00 eng d | ||
| 039 | 9 |
_a200504271525 _bizzat |
|
| 040 |
_aAKMAL _cAKMAL |
||
| 049 | 0 | 0 | _anma |
| 082 | 0 | 4 |
_a959.52 DAV _221 |
| 090 | 0 | 0 |
_a959.52 _bDAV |
| 100 | 1 |
_aDavies, Donald _98262 |
|
| 245 | 1 | 0 |
_aOld Singapore / _cDonald Davies |
| 260 |
_aSingapore : _bDonald Moore, _c1954 |
||
| 300 | 0 | 0 |
_a52p. : _bill. ; _c19cm |
| 651 | 0 |
_aSingapore _xHistory _98263 |
|
| 942 |
_2ddc _cBOOK |
||